Handbuch der Rationalisierung /

Guardado en:
Detalles Bibliográficos
Autor principal: Reuter, Fritz (Autor)
Formato: Libro
Lenguaje:alemán
Publicado: Berlin : Industrieverlag, 1930
Etiquetas: Agregar Etiqueta
Sin Etiquetas, Sea el primero en etiquetar este registro!

MARC

LEADER 00000nam a22000003a 4500
001 stu41334
005 20150617225719.4
008 931122s1930----gw------------------ger-d
040 |a STU  |b slo 
041 0 |a ger 
044 |a gw 
100 1 |a Reuter, Fritz  |4 aut 
245 1 |a Handbuch der Rationalisierung /  |c [aut.]Fritz Reuter 
260 |a Berlin :  |b Industrieverlag,  |c 1930 
300 |a 1234 s 
996 |b 284M002626  |c M*4675-1  |l MMKN  |s A  |a 24  |w stu41334_0001